| 000 | 00399nam a22001457a 4500 | ||
|---|---|---|---|
| 999 |
_c47759 _d47759 |
||
| 005 | 20181119122533.0 | ||
| 020 |
_a81-7655-116-3 _c80.00 |
||
| 035 | _aB-99510 B-99544 B-99543 | ||
| 082 | _aS-AGA | ||
| 100 | _aAgarwal, Deepa | ||
| 245 |
_aAnita & the game of shadows / _cby Deepa Agarwal |
||
| 260 |
_aNew Delhi _bScholastic _c2005 |
||
| 300 |
_a155p. _b22cm. (pbk) |
||
| 942 |
_2ddc _cCH _hS-AGA |
||